<?xml version="1.0" encoding="UTF-8"?>
<collection xmlns="http://www.loc.gov/MARC21/slim">
    <record>
        <controlfield tag="001">75471</controlfield>
        <controlfield tag="005">20181018114142.0</controlfield>
        <datafield tag="024" ind1="7" ind2=" ">
            <subfield code="2">doi</subfield>
            <subfield code="a">10.18441/ibam.15.2015.57.193-204</subfield>
        </datafield>
        <datafield tag="024" ind1="8" ind2=" ">
            <subfield code="2">sideral</subfield>
            <subfield code="a">107771</subfield>
        </datafield>
        <datafield tag="037" ind1=" " ind2=" ">
            <subfield code="a">ART-2015-107771</subfield>
        </datafield>
        <datafield tag="041" ind1=" " ind2=" ">
            <subfield code="a">spa</subfield>
        </datafield>
        <datafield tag="100" ind1=" " ind2=" ">
            <subfield code="0">(orcid)0000-0003-3433-1775</subfield>
            <subfield code="a">Mesa Gancedo, Daniel</subfield>
            <subfield code="u">Universidad de Zaragoza</subfield>
        </datafield>
        <datafield tag="245" ind1=" " ind2=" ">
            <subfield code="a">Para salir del centenario cortazariano (y llegar por fin a Julio Cortázar)</subfield>
        </datafield>
        <datafield tag="260" ind1=" " ind2=" ">
            <subfield code="c">2015</subfield>
        </datafield>
        <datafield tag="506" ind1="0" ind2=" ">
            <subfield code="a">Access copy available to the general public</subfield>
            <subfield code="f">Unrestricted</subfield>
        </datafield>
        <datafield tag="520" ind1="3" ind2=" ">
            <subfield code="a">La conjunción de aniversarios ha propiciado que en los dos últimos años la bibliografía de y sobre Cortázar haya crecido de forma muy notable: en 2013 se cumplieron cinco décadas de la publicación de Rayuela y en 2014 llegaba el centenario del nacimiento del autor (y se cumplieron treinta años desde su desaparición). En lo que sigue, presentaré la recensión de una muestra heterogénea, pero cuantitativamente y cualitativamente relevante de lo que se ha publicado en estos dos últimos años, sin olvidar, desde luego, que existen monográficos de publicaciones periódicas que también merecerían atención (el especial que le dedicó la revista electrónica Letral en junio de 2014; o el recopilatorio que Europe publicó en abril en París) u obras de conjunto que dedican numerosas páginas a Cortázar (el relato del boom en Barcelona que ha publicado Xavi Ayén). También hay que saber que en el futuro próximo irán saliendo a la luz volúmenes que recopilarán las contribuciones a los numerosos congresos que se han dedicado al autor en este tiempo.</subfield>
        </datafield>
        <datafield tag="540" ind1=" " ind2=" ">
            <subfield code="9">info:eu-repo/semantics/openAccess</subfield>
            <subfield code="a">by-nc-nd</subfield>
            <subfield code="u">http://creativecommons.org/licenses/by-nc-nd/3.0/es/</subfield>
        </datafield>
        <datafield tag="655" ind1=" " ind2="4">
            <subfield code="a">info:eu-repo/semantics/article</subfield>
            <subfield code="v">info:eu-repo/semantics/publishedVersion</subfield>
        </datafield>
        <datafield tag="710" ind1="2" ind2=" ">
            <subfield code="1">3002</subfield>
            <subfield code="2">583</subfield>
            <subfield code="a">Universidad de Zaragoza</subfield>
            <subfield code="b">Dpto. Filología Española</subfield>
            <subfield code="c">Área Literatura Española</subfield>
        </datafield>
        <datafield tag="773" ind1=" " ind2=" ">
            <subfield code="g">15, 57 (2015), 193-204</subfield>
            <subfield code="p">Iberoamericana (Madr.)</subfield>
            <subfield code="t">IBEROAMERICANA</subfield>
            <subfield code="x">1577-3388</subfield>
        </datafield>
        <datafield tag="856" ind1="4" ind2=" ">
            <subfield code="s">381479</subfield>
            <subfield code="u">http://zaguan.unizar.es/record/75471/files/texto_completo.pdf</subfield>
            <subfield code="y">Versión publicada</subfield>
        </datafield>
        <datafield tag="856" ind1="4" ind2=" ">
            <subfield code="s">97945</subfield>
            <subfield code="u">http://zaguan.unizar.es/record/75471/files/texto_completo.jpg?subformat=icon</subfield>
            <subfield code="x">icon</subfield>
            <subfield code="y">Versión publicada</subfield>
        </datafield>
        <datafield tag="909" ind1="C" ind2="O">
            <subfield code="o">oai:zaguan.unizar.es:75471</subfield>
            <subfield code="p">articulos</subfield>
            <subfield code="p">driver</subfield>
        </datafield>
        <datafield tag="951" ind1=" " ind2=" ">
            <subfield code="a">2018-10-18-10:16:04</subfield>
        </datafield>
        <datafield tag="980" ind1=" " ind2=" ">
            <subfield code="a">ARTICLE</subfield>
        </datafield>
    </record>

    
</collection>